<?xml version="1.0" encoding="UTF-8"?>
<record
    xmlns:xsi="http://www.w3.org/2001/XMLSchema-instance"
    xsi:schemaLocation="http://www.loc.gov/MARC21/slim http://www.loc.gov/standards/marcxml/schema/MARC21slim.xsd"
    xmlns="http://www.loc.gov/MARC21/slim">

  <leader>00842nam1a22002171i 4500</leader>
  <controlfield tag="001">v19\rc\1593341</controlfield>
  <controlfield tag="005">20240723092205.0</controlfield>
  <datafield tag="035" ind1=" " ind2=" ">
    <subfield code="a">(NLR Aleph) 004717346</subfield>
  </datafield>
  <datafield tag="090" ind1=" " ind2=" ">
    <subfield code="a">4283968</subfield>
    <subfield code="c">4283968</subfield>
  </datafield>
  <datafield tag="100" ind1=" " ind2=" ">
    <subfield code="a">20061002d1895    |||y0rusy50      ca</subfield>
  </datafield>
  <datafield tag="101" ind1="0" ind2=" ">
    <subfield code="a">rus</subfield>
  </datafield>
  <datafield tag="102" ind1=" " ind2=" ">
    <subfield code="a">RU</subfield>
  </datafield>
  <datafield tag="105" ind1=" " ind2=" ">
    <subfield code="a">    c   |||||</subfield>
  </datafield>
  <datafield tag="200" ind1="1" ind2=" ">
    <subfield code="a">&#x41A;&#x43E;&#x43D;&#x442;&#x440;&#x430;&#x43A;&#x442;&#x43E;&#x432;&#x44B;&#x439; &#x44E;&#x43C;&#x43E;&#x440;&#x438;&#x441;&#x442;&#x438;&#x447;&#x435;&#x441;&#x43A;&#x438;&#x439; &#x441;&#x43F;&#x443;&#x442;&#x43D;&#x438;&#x43A; &#x438; &#x443;&#x43A;&#x430;&#x437;&#x430;&#x442;&#x435;&#x43B;&#x44C; &#x433;&#x43B;&#x430;&#x432;&#x43D;&#x44B;&#x445; &#x442;&#x43E;&#x440;&#x433;&#x43E;&#x432;&#x43E;-&#x43F;&#x440;&#x43E;&#x43C;&#x44B;&#x448;&#x43B;&#x435;&#x43D;&#x43D;&#x44B;&#x445; &#x444;&#x438;&#x440;&#x43C; &#x438; &#x443;&#x447;&#x440;&#x435;&#x436;&#x434;&#x435;&#x43D;&#x438;&#x439; &#x433;. &#x41A;&#x438;&#x435;&#x432;&#x430;</subfield>
    <subfield code="f">&#x418;&#x437;&#x434;. &#x43F;&#x43E;&#x442;. &#x43F;&#x43E;&#x447;. &#x433;&#x440;&#x430;&#x436;&#x434;. &#x418;.&#x411;. &#x417;&#x43E;&#x43D;&#x430;. &#x412;&#x44B;&#x43F;. 1</subfield>
  </datafield>
  <datafield tag="210" ind1=" " ind2=" ">
    <subfield code="a">&#x41A;&#x438;&#x435;&#x432;</subfield>
    <subfield code="c">&#x442;&#x438;&#x43F;. &#x418;. &#x41A;&#x440;&#x44B;&#x436;&#x430;&#x43D;&#x43E;&#x432;&#x441;&#x43A;&#x43E;&#x433;&#x43E; &#x438; &#x412;. &#x410;&#x432;&#x434;&#x44E;&#x448;&#x435;&#x43D;&#x43A;&#x43E;</subfield>
    <subfield code="d">1895</subfield>
  </datafield>
  <datafield tag="702" ind1=" " ind2="1">
    <subfield code="a">&#x417;&#x43E;&#x43D;</subfield>
    <subfield code="b">&#x418;.&#x411;.</subfield>
    <subfield code="4">650</subfield>
  </datafield>
  <datafield tag="801" ind1=" " ind2="0">
    <subfield code="a">RU</subfield>
    <subfield code="b">NLR</subfield>
    <subfield code="g">psbo</subfield>
  </datafield>
  <datafield tag="801" ind1=" " ind2="0">
    <subfield code="a">RU</subfield>
    <subfield code="b">RuMoRGB</subfield>
    <subfield code="2">psbo</subfield>
  </datafield>
  <datafield tag="801" ind1=" " ind2="1">
    <subfield code="a">RU</subfield>
    <subfield code="b">ProSoft-M</subfield>
    <subfield code="2">rusmarc</subfield>
  </datafield>
  <datafield tag="852" ind1=" " ind2=" ">
    <subfield code="a">NLR</subfield>
    <subfield code="j">18.300.6.24</subfield>
  </datafield>
  <datafield tag="942" ind1=" " ind2=" ">
    <subfield code="c">BOOK</subfield>
  </datafield>
</record>
